Effect of AB fertilizer on growing of tomato TMK2 in solution knop grown green-house ឥទ្ធិពលនៃជីស្លឹក អាបេ ទៅលើការលូតលាស់ដំណាំប៉េងប៉ោះ តេ អឹម កា ដឺ ដែលប្រើសូលុយស្យុងក្នូប ក្នុងលក្ខខណ្ឌផ្ទះផ្លាស្ទិច (Record no. 792)
[ view plain ]
| 000 -LEADER | |
|---|---|
| fixed length control field | 00760nam a22001577a 4500 |
| 003 - CONTROL NUMBER IDENTIFIER | |
| control field | OSt |
| 005 - DATE AND TIME OF LATEST TRANSACTION | |
| control field | 20150919094132.0 |
| 008 - FIXED-LENGTH DATA ELEMENTS--GENERAL INFORMATION | |
| fixed length control field | 150919b xxu||||| |||| 00| 0 eng d |
| 040 ## - CATALOGING SOURCE | |
| Transcribing agency | RUA |
| 082 ## - DEWEY DECIMAL CLASSIFICATION NUMBER | |
| Classification number | AGR TY 2006 B034 Or.1 |
| 100 ## - MAIN ENTRY--PERSONAL NAME | |
| 9 (RLIN) | 821 |
| Personal name | TY, LYPHANN. |
| 245 ## - TITLE STATEMENT | |
| Title | Effect of AB fertilizer on growing of tomato TMK2 in solution knop grown green-house ឥទ្ធិពលនៃជីស្លឹក អាបេ ទៅលើការលូតលាស់ដំណាំប៉េងប៉ោះ តេ អឹម កា ដឺ ដែលប្រើសូលុយស្យុងក្នូប ក្នុងលក្ខខណ្ឌផ្ទះផ្លាស្ទិច |
| 260 ## - PUBLICATION, DISTRIBUTION, ETC. (IMPRINT) | |
| Place of publication, distribution, etc. | Phnom Penh |
| Name of publisher, distributor, etc. | RUA |
| Date of publication, distribution, etc. | 2006 |
| 300 ## - PHYSICAL DESCRIPTION | |
| Extent | 57p. |
| Other physical details | ill. |
| Dimensions | 29cm. |
| 942 ## - ADDED ENTRY ELEMENTS (KOHA) | |
| Source of classification or shelving scheme | |
| Koha item type | AGR |
| Price effective from | Date last seen | Permanent Location | Not for loan | Date acquired | Date last checked out | Source of classification or shelving scheme | Koha item type | Total Checkouts | Barcode | Lost status | Damaged status | Withdrawn status | Current Location | Full call number |
|---|---|---|---|---|---|---|---|---|---|---|---|---|---|---|
| 2015-09-19 | 2021-11-17 | Library Block B | 2015-09-19 | 2020-03-13 | AGR | 1 | RUA008145 | Library Block B | AGR TY 2006 B034 Or.1 | |||||
| 2015-09-20 | 2022-08-23 | Library Block B | 2015-09-20 | 2022-08-09 | AGR | 3 | RUA002467 | Library Block B | AGR TY 2006 B034 Or.2 | |||||
| 2015-09-21 | 2024-12-18 | Library Block B | 2015-09-21 | 2024-12-16 | AGR | 1 | RUA002991 | Library Block B | AGR TY 2006 B034 Or.3 | |||||
| 2015-09-21 | 2022-12-28 | Library Block B | 2015-09-21 | 2022-12-07 | AGR | 3 | RUA002751 | Library Block B | AGR TY 2006 B034 Or.4 | |||||
| 2015-09-21 | 2019-10-07 | Library Block B | 2015-09-21 | 2019-08-19 | AGR | 2 | RUA002610 | Library Block B | AGR TY 2006 B034 Or.5 |